000 00679nam a2200241Ia 4500
003 OSt
005 20220918223731.0
006 a|||||r|||| 00| 0
007 ta
008 220917b |||||||| |||| 00| 0 eng d
024 _a224,923
037 _cTextual
040 _aARTS
_cARTS
_beng
041 _2eng
_aeng
082 _aY:(Q:361), P4
100 _aKastenbaum Robert
_986317
245 0 _aOn our way
_b The final passage through life and death
260 _aLondon
_bUniversity of California Press
_c2004
300 _aviii, 452p.
_ccm.
650 _aSOCIOLOGY
942 _hY:(Q:361), P4
_cTEXL
_2CC
999 _c279347
_d279347